000 00545 a2200181 4500
999 _c32177
_d32177
003 OSt
005 20260220154140.0
008 260220b ||||| |||| 00| 0 eng d
020 _a9798317093372
040 _c.
082 _a658.404
_bK9261
100 _96673
_aKrieger, Brandt Douglas von
245 _aNavigating Complexity: Maritime Lessons for Project Management Across Industries /
_cBrandt Douglas von Krieger
260 _bIndependently Published
_c2025.
300 _a279 p.
650 0 _92103
_aProject management
942 _2ddc
_cBK